000
00287nam a22001337a 4500
008
171228b xxu||||| |||| 00| 0 eng d
020
_a
071549052676
041
_a
eng
080
_a
574
100
_a
9
101
_a
MJE
245
_a
THE WORLD OF TREES
_c
WALHEIM,L
942
_2
udc
_c
BK
999
_c
39567
_d
39567